| 000 | 01550nam a2200217Ia 4500 | ||
|---|---|---|---|
| 003 | OSt | ||
| 005 | 20210421165024.0 | ||
| 008 | 210310s2005 ck gr 000 0 spa d | ||
| 040 |
_aCO-JMCR _cCO-JMCR |
||
| 041 | 0 | _aspa | |
| 082 | 0 | 4 |
_a336.00406 / _bS446g _223 |
| 110 | 2 |
_aSecretaria del Programa de gasto público y rendición de cuentas _937037 |
|
| 245 | 1 | 0 |
_aGestión de las finanzas públicas : _bmarco de referencia para la medición del desempeño / _cSecretaria del Programa de gasto público y rendición de cuentas |
| 260 |
_aWashington : _bBanco Mundial, _c2005 |
||
| 300 |
_b94 páginas ; _c28 cm. |
||
| 505 | 0 | _aIntroducción y antecedentes -- Alcance de cobertura del marco de referencia ++ El conjunto de indicadores de desempeño de alto nivel -- El informe de resultados de la GFP -- Estructura global del marco de referencia para la medición del desempeño | |
| 520 | 3 | _aEl marco de referencia para la medición del desempeño en Gestión Financiera Pública del programa PEFA se ha elaborado como una contribución a la labor colectiva realizada por varios grupos interesados en evaluar y crear y crear sistemas esenciales de gestión financiera pública; con base en el consenso en que las instituciones y sistemas eficaces de gestión de las finanzas públicas (GFP) cumplen un papel esencial de apoyo a la aplicación de políticas de desarrollo y reducción de la pobreza nacional. | |
| 650 | 1 | 4 |
_aFinanzas Públicas _915276 |
| 650 | 2 | 4 |
_aIndicadores de medición de desempeños _xFinanzas públicas _937038 |
| 942 |
_2ddc _cBK |
||
| 999 |
_c7726 _d7726 |
||